Reformas estructurales e integración en América Latina: ¿convergencia o subordinación? /
Mediante el concepto de regionalismo y en el marco de su reciente desenvolvimiento, se analiza la incorporación de los países de América Latina a la economía mundial. Una de las principales conclusiones es que la promesa del nuevo regionalismo esta subordinada a las reformas estructurales y la parti...
Wedi'i Gadw mewn:
| Prif Awdur: | |
|---|---|
| Fformat: | Texto |
| Pynciau: | |
| Tagiau: |
Ychwanegu Tag
Dim Tagiau, Byddwch y cyntaf i dagio'r cofnod hwn!
|
MARC
| LEADER | 00000 a a2200000 04500 | ||
|---|---|---|---|
| 001 | 3606 | ||
| 003 | |||
| 040 | |||
| 100 | |a Reza, Germán A. de la | ||
| 245 | |a Reformas estructurales e integración en América Latina: |b ¿convergencia o subordinación? / |c Germán A. de la Reza | ||
| 520 | |a Mediante el concepto de regionalismo y en el marco de su reciente desenvolvimiento, se analiza la incorporación de los países de América Latina a la economía mundial. Una de las principales conclusiones es que la promesa del nuevo regionalismo esta subordinada a las reformas estructurales y la participación en el mercado internacional se define en los acuerdos norte-sur | ||
| 650 | |a REFORMA ECONOMICA | ||
| 650 | |a INTEGRACION REGIONAL | ||
| 650 | |a POLITICA ECONOMICA | ||
| 650 | |a AMERICA LATINA | ||
| 773 | |g volumen 56, número 12; páginas 1093-1103 | ||
| 999 | |c 29442 |d 29442 | ||
